Online katalóg knižníc regiónu Turca

ABCD hráme sa s písmenkami, s veselými rozprávkami (Record no. 21063)

MARC details
000 -LEADER
fixed length control field 01690nam a2200493 a 4500
001 - CONTROL NUMBER
control field 21063
003 - CONTROL NUMBER IDENTIFIER
control field VRT
005 - DATE AND TIME OF LATEST TRANSACTION
control field 20260211124059.0
008 - FIXED-LENGTH DATA ELEMENTS--GENERAL INFORMATION
fixed length control field 240315s2012 xr a b 000 j slo
015 ## - NATIONAL BIBLIOGRAPHY NUMBER
National bibliography number SNBZSA2013-00056
020 ## - INTERNATIONAL STANDARD BOOK NUMBER
International Standard Book Number 9788073532673
Qualifying information (brož.)
035 ## - SYSTEM CONTROL NUMBER
System control number 181A0423-914D-4782-9990-95B94A403B68
035 ## - SYSTEM CONTROL NUMBER
System control number urn:nbn:sk:snk-amkbgd
035 ## - SYSTEM CONTROL NUMBER
System control number urn:nbn:sk:snk-am008jha
039 #9 - LEVEL OF BIBLIOGRAPHIC CONTROL AND CODING DETAIL [OBSOLETE]
Level of rules in bibliographic description 202403151828
Level of effort used to assign nonsubject heading access points VLOAD
Level of effort used to assign subject headings 201904251100
Level of effort used to assign classification AUTHORITY
Level of effort used to assign subject headings 201602082143
Level of effort used to assign classification VLOAD
Level of effort used to assign subject headings 201301210940
Level of effort used to assign classification rsnk06
040 ## - CATALOGING SOURCE
Original cataloging agency PPPK
Language of cataloging slo
Transcribing agency PPPK
Modifying agency SNK
Description conventions AACR2
041 1# - LANGUAGE CODE
Language code of text/sound track or separate title slo
Language code of original cze
044 ## - COUNTRY OF PUBLISHING/PRODUCING ENTITY CODE
MARC country code xr
ISO country code CZ
072 #7 - SUBJECT CATEGORY CODE
Subject category code 821.162.3
Subject category code subdivision Česká literatúra
Source konspekt
072 #7 - SUBJECT CATEGORY CODE
Subject category code 821-93
Subject category code subdivision Literatúra pre deti a mládež (beletria)
Source konspekt
080 ## - UNIVERSAL DECIMAL CLASSIFICATION NUMBER
Universal Decimal Classification number 821.162.34
Edition identifier 2001
080 ## - UNIVERSAL DECIMAL CLASSIFICATION NUMBER
Universal Decimal Classification number (0:82-193)
Edition identifier 2001
080 ## - UNIVERSAL DECIMAL CLASSIFICATION NUMBER
Universal Decimal Classification number 82-93
Edition identifier 2001
100 1# - MAIN ENTRY--PERSONAL NAME
Personal name Rožnovská, Lenka
Relationship aut
245 10 - TITLE STATEMENT
Title ABCD hráme sa s písmenkami, s veselými rozprávkami
Statement of responsibility, etc. napísala Lenka Rožnovská ; ilustrovala Petita Kůsová [preklad Aedit, s.r.o.]
246 30 - VARYING FORM OF TITLE
Title proper/short title Hráme sa s písmenkami, s veselými rozprávakami
260 ## - PUBLICATION, DISTRIBUTION, ETC.
Place of publication, distribution, etc. Praha
Name of publisher, distributor, etc. Pierot
Date of publication, distribution, etc. 2012
300 ## - PHYSICAL DESCRIPTION
Extent 39 s.
Other physical details fareb. ilustr.
Dimensions 24 cm
500 ## - GENERAL NOTE
General note Preložené z češtiny
655 #7 - INDEX TERM--GENRE/FORM
Genre/form data or focus term české rozprávky
Source of term SNKPH
655 #7 - INDEX TERM--GENRE/FORM
Genre/form data or focus term riekanky
Source of term SNKPH
655 #7 - INDEX TERM--GENRE/FORM
Genre/form data or focus term poézia pre deti
Source of term SNKPH
655 #7 - INDEX TERM--GENRE/FORM
Genre/form data or focus term publikácie pre deti
Source of term SNKPH
655 #7 - INDEX TERM--GENRE/FORM
Genre/form data or focus term Czech fairy tales
Source of term SNKPHeng
655 #7 - INDEX TERM--GENRE/FORM
Genre/form data or focus term Children's literature
Source of term SNKPHeng
700 1# - ADDED ENTRY--PERSONAL NAME
Personal name Kůsová, Petita
Relationship ill
910 ## - USER-OPTION DATA (OCLC)
User-option data snk
910 ## - USER-OPTION DATA (OCLC)
User-option data pokpoh
910 ## - USER-OPTION DATA (OCLC)
User-option data hevk
910 ## - USER-OPTION DATA (OCLC)
User-option data sllk
910 ## - USER-OPTION DATA (OCLC)
User-option data pppk
942 ## - ADDED ENTRY ELEMENTS (KOHA)
Source of classification or shelving scheme Dewey Decimal Classification
Koha item type Krásna literatúra pre deti
Suppress in OPAC No
949 ## - LOCAL PROCESSING INFORMATION (OCLC)
6 17A1050599
a snkSC 151305
b snk2012/19475
o 109/5-dg80112
s 6100:20160112
Holdings
Stav vyradenia Strata Poškodenie Spôsob nadobudnutia Domovská knižnica Aktuálna knižnica Dátum nadobudnutia Total checkouts Čiarový kód exemplára Date last seen Typ exemplára
      Dar Mestská knižnica Turany Mestská knižnica Turany 11.02.2026   4712401297 11.02.2026 Krásna literatúra pre deti
Projekt je podporený Slovenskou asociáciou knižníc
Prevádzkuje Turčianska knižnica Martin 2026